[Event "Titled Tuesday intern op 21st Dec"]
[Site "Chess.com INT"]
[Date "2021.12.21"]
[Round "3"]
[White "Rustemov, Alexander"]
[Black "Kakabayaev, Mergen"]
[Result "1-0"]
[WhiteElo "2525"]
[BlackElo "2285"]
[PlyCount "115"]
[EventDate "2021.12.21"]
[EventType "swiss (blitz)"]
[EventRounds "11"]
[EventCountry "USA"]
[SourceTitle "CBM 205 Extra"]
[Source "ChessBase"]
[SourceDate "2022.01.31"]
[SourceVersion "1"]
[SourceVersionDate "2022.01.31"]
[SourceQuality "1"]

1. d4 d5 2. c4 c6 3. Nc3 Nf6 4. e3 e6 5. Nf3 Nbd7 6. Qc2 Bd6 7. Bd2 O-O 8. O-O-O dxc4 9. Bxc4 b5 10. Bd3 Qe7 11. e4 e5 12. dxe5 Nxe5 13. Nxe5 Bxe5 14. f4 Bc7 15. e5 Ng4 16. Bxh7+ Kh8 17. Rhf1 Bb6 18. Bf5 Ne3 19. Bxe3 Bxe3+ 20. Kb1 Bxf5 21. Qxf5 Rad8 22. Ne4 Rxd1+ 23. Rxd1 Rd8 24. Rxd8+ Qxd8 25. Qh3+ Kg8 26. Qxe3 Qd1+ 27. Qc1 Qd3+ 28. Ka1 Qxe4 29. Qf1 c5 30. a3 c4 31. Qf2 a5 32. Qd2 b4 33. axb4 axb4 34. Qxb4 Qxf4 35. g3 Qxe5 36. Qxc4 Qa5+ 37. Kb1 Qe1+ 38. Ka2 Qd2 39. Qc8+ Kh7 40. Qf5+ Kg8 41. h4 Qd4 42. Qc8+ Kh7 43. Qc3 Qa4+ 44. Kb1 Qd1+ 45. Qc1 Qd6 46. Qf4 Qd1+ 47. Ka2 Qd5+ 48. b3 Qg2+ 49. Ka3 Qa8+ 50. Kb4 Qb7+ 51. Kc3 Qc6+ 52. Qc4 Qg2 53. Qd3+ Kg8 54. b4 Qc6+ 55. Kb3 Qe6+ 56. Ka4 Qa2+ 57. Kb5 Qe6 58. Qd8+ 1-0

[Event "Titled Tuesday intern op 21st Dec"]
[Site "Chess.com INT"]
[Date "2021.12.21"]
[Round "3"]
[White "Sanchez, Roberto Daniel"]
[Black "Einarsson, Halldor Gretar"]
[Result "0-1"]
[WhiteElo "1970"]
[BlackElo "2207"]
[PlyCount "46"]
[EventDate "2021.12.21"]
[EventType "swiss (blitz)"]
[EventRounds "11"]
[EventCountry "USA"]
[SourceTitle "CBM 205 Extra"]
[Source "ChessBase"]
[SourceDate "2022.01.31"]
[SourceVersion "1"]
[SourceVersionDate "2022.01.31"]
[SourceQuality "1"]

1. e4 e5 2. Nf3 Nc6 3. Bb5 Nf6 4. d3 Bc5 5. Nc3 d6 6. Bg5 h6 7. Bh4 g5 8. Nxg5 hxg5 9. Bxg5 Bxf2+ 10. Kxf2 Ng4+ 11. Qxg4 Bxg4 12. Bxd8 Rxd8 13. Nd5 Kf8 14. Nxc7 Nd4 15. Ba4 Rc8 16. Nd5 b5 17. Bb3 Nxb3 18. cxb3 Rc2+ 19. Kg3 Be2 20. a4 Rg8+ 21. Kh4 Bxd3 22. axb5 Rcxg2 23. Rxa7 Rh8# 0-1

[Event "Titled Tuesday intern op 21st Dec"]
[Site "Chess.com INT"]
[Date "2021.12.21"]
[Round "3"]
[White "Santos Flores, Alberto Javier"]
[Black "Tologontegin, Semetey"]
[Result "1-0"]
[WhiteElo "2182"]
[BlackElo "2381"]
[PlyCount "81"]
[EventDate "2021.12.21"]
[EventType "swiss (blitz)"]
[EventRounds "11"]
[EventCountry "USA"]
[SourceTitle "CBM 205 Extra"]
[Source "ChessBase"]
[SourceDate "2022.01.31"]
[SourceVersion "1"]
[SourceVersionDate "2022.01.31"]
[SourceQuality "1"]

1. e4 c5 2. Nf3 d6 3. d4 cxd4 4. Nxd4 Nf6 5. Nc3 g6 6. Be3 Nc6 7. f3 Bg7 8. Qd2 O-O 9. Bc4 Bd7 10. h4 h5 11. O-O-O Rc8 12. Bb3 Ne5 13. Bg5 Rc5 14. Kb1 Re8 15. g4 hxg4 16. f4 Nc4 17. Qe2 Qc8 18. h5 Nxh5 19. f5 b5 20. Qxg4 Nxb2 21. Kxb2 Rxc3 22. Rxh5 Rxb3+ 23. axb3 gxh5 24. Qxh5 Qc5 25. Be3 Qe5 26. Rh1 Rc8 27. Kb1 Kf8 28. Qh7 b4 29. Bh6 Bxh6 30. Qxh6+ Qg7 31. Qe3 Rc3 32. Qf2 a5 33. Rg1 Qh6 34. Qg2 Qh8 35. f6 exf6 36. Nf5 Bxf5 37. exf5 Qh6 38. Qa8+ Ke7 39. Re1+ Re3 40. Qa7+ Kf8 41. Qxe3 1-0

[Event "Titled Tuesday intern op 21st Dec"]
[Site "Chess.com INT"]
[Date "2021.12.21"]
[Round "3"]
[White "Santos Ruiz, Miguel"]
[Black "Novikova, Galina"]
[Result "1-0"]
[WhiteElo "2596"]
[BlackElo "2073"]
[PlyCount "53"]
[EventDate "2021.12.21"]
[EventType "swiss (blitz)"]
[EventRounds "11"]
[EventCountry "USA"]
[SourceTitle "CBM 205 Extra"]
[Source "ChessBase"]
[SourceDate "2022.01.31"]
[SourceVersion "1"]
[SourceVersionDate "2022.01.31"]
[SourceQuality "1"]

1. c4 f5 2. Nf3 Nf6 3. g3 e6 4. Bg2 d6 5. O-O e5 6. Nc3 Be7 7. b4 O-O 8. d3 c6 9. Rb1 Qe8 10. b5 Qh5 11. Qb3 Kh8 12. c5 Nbd7 13. cxd6 Bxd6 14. bxc6 bxc6 15. Qe6 Bc5 16. Qxc6 Ba6 17. Qxa6 e4 18. Ng5 e3 19. f4 Ng4 20. h3 Nf2 21. Bf3 Nxh3+ 22. Kg2 Nxf4+ 23. gxf4 Qe8 24. Rh1 h6 25. Rxh6+ gxh6 26. Qxh6+ Kg8 27. Qh7# 1-0

[Event "Titled Tuesday intern op 21st Dec"]
[Site "Chess.com INT"]
[Date "2021.12.21"]
[Round "3"]
[White "Sargsyan, Anna M"]
[Black "Moskalenko, Alexander"]
[Result "0-1"]
[WhiteElo "2368"]
[BlackElo "2514"]
[PlyCount "44"]
[EventDate "2021.12.21"]
[EventType "swiss (blitz)"]
[EventRounds "11"]
[EventCountry "USA"]
[SourceTitle "CBM 205 Extra"]
[Source "ChessBase"]
[SourceDate "2022.01.31"]
[SourceVersion "1"]
[SourceVersionDate "2022.01.31"]
[SourceQuality "1"]

1. d4 d5 2. c4 c6 3. Nf3 Nf6 4. Nc3 dxc4 5. a4 Bf5 6. Ne5 e6 7. e3 Nbd7 8. Nxd7 Qxd7 9. Bxc4 Bb4 10. O-O a5 11. Ne2 O-O 12. Ng3 Bg4 13. f3 Bf5 14. Nxf5 exf5 15. Qc2 Rfe8 16. Rd1 Rad8 17. Bd3 g6 18. b3 f4 19. e4 Qxd4+ 20. Kf1 Bc5 21. Ke1 Qg1+ 22. Kd2 Bb4+ 0-1

[Event "Titled Tuesday intern op 21st Dec"]
[Site "Chess.com INT"]
[Date "2021.12.21"]
[Round "3"]
[White "Shimelkov, Vasiliy"]
[Black "Ljukin, Sergei"]
[Result "1-0"]
[WhiteElo "2159"]
[BlackElo "2362"]
[PlyCount "63"]
[EventDate "2021.12.21"]
[EventType "swiss (blitz)"]
[EventRounds "11"]
[EventCountry "USA"]
[SourceTitle "CBM 205 Extra"]
[Source "ChessBase"]
[SourceDate "2022.01.31"]
[SourceVersion "1"]
[SourceVersionDate "2022.01.31"]
[SourceQuality "1"]

1. d4 d5 2. Nf3 Nf6 3. c4 c6 4. Nc3 dxc4 5. a4 Bf5 6. e3 e6 7. Bxc4 Bb4 8. O-O Nbd7 9. Qe2 O-O 10. e4 Bg4 11. Rd1 Rc8 12. h3 Bxf3 13. Qxf3 e5 14. Be3 exd4 15. Bxd4 Qe7 16. Rac1 Ne5 17. Qe2 Rcd8 18. Bb3 Rd7 19. Bxa7 Rfd8 20. Be3 Nd3 21. Ra1 Nxe4 22. Nxe4 Qxe4 23. Bc2 Nf4 24. Qg4 Rxd1+ 25. Bxd1 Bd6 26. Bf3 Qe5 27. a5 Ne2+ 28. Kf1 Qxb2 29. Rd1 Nc3 30. Rxd6 Qb1+ 31. Bd1 Qxd1+ 32. Qxd1 1-0

[Event "Titled Tuesday intern op 21st Dec"]
[Site "Chess.com INT"]
[Date "2021.12.21"]
[Round "3"]
[White "Shubin, Daniel"]
[Black "Begunov, Konstantin"]
[Result "1-0"]
[WhiteElo "2080"]
[BlackElo "2325"]
[PlyCount "71"]
[EventDate "2021.12.21"]
[EventType "swiss (blitz)"]
[EventRounds "11"]
[EventCountry "USA"]
[SourceTitle "CBM 205 Extra"]
[Source "ChessBase"]
[SourceDate "2022.01.31"]
[SourceVersion "1"]
[SourceVersionDate "2022.01.31"]
[SourceQuality "1"]

1. e4 c5 2. Nf3 d6 3. d4 cxd4 4. Nxd4 Nf6 5. Nc3 a6 6. Bg5 e6 7. f4 Qb6 8. Qd3 Nc6 9. O-O-O Bd7 10. Be2 Nxd4 11. Qxd4 Qxd4 12. Rxd4 Bc6 13. Rhd1 e5 14. Rc4 Be7 15. Bxf6 Bxf6 16. f5 Rd8 17. a4 g6 18. g4 h5 19. h3 hxg4 20. Bxg4 Bg5+ 21. Kb1 Be3 22. b4 Bd4 23. b5 axb5 24. axb5 Bd7 25. Nd5 gxf5 26. Bxf5 Bxf5 27. exf5 Rxh3 28. f6 Ra8 29. Nc7+ Kd7 30. Nxa8 Ra3 31. c3 Be3 32. Rc7+ Ke6 33. Rd3 Bf2 34. Rf3 Bg1 35. c4 e4 36. Re7# 1-0

[Event "Titled Tuesday intern op 21st Dec"]
[Site "Chess.com INT"]
[Date "2021.12.21"]
[Round "3"]
[White "Sorokin, Aleksey"]
[Black "Agasarov, Benik"]
[Result "1-0"]
[WhiteElo "2536"]
[BlackElo "2205"]
[PlyCount "109"]
[EventDate "2021.12.21"]
[EventType "swiss (blitz)"]
[EventRounds "11"]
[EventCountry "USA"]
[SourceTitle "CBM 205 Extra"]
[Source "ChessBase"]
[SourceDate "2022.01.31"]
[SourceVersion "1"]
[SourceVersionDate "2022.01.31"]
[SourceQuality "1"]

1. d4 Nf6 2. c4 e6 3. Nf3 b6 4. a3 Bb7 5. Nc3 d5 6. cxd5 exd5 7. g3 Be7 8. Bg2 O-O 9. O-O Nbd7 10. Bf4 c6 11. Rc1 b5 12. Ne5 Nb6 13. e4 Rc8 14. Re1 a6 15. Bh3 Ra8 16. exd5 Nbxd5 17. Nxd5 Nxd5 18. Bd2 Qb6 19. Nd7 Qxd4 20. Nxf8 Bxf8 21. Bc3 Qb6 22. Bg2 Rd8 23. Qg4 g6 24. Red1 c5 25. Bxd5 Rxd5 26. Rxd5 Bxd5 27. Qg5 Qe6 28. Re1 Qc6 29. Qe5 f6 30. Qxf6 Qxf6 31. Bxf6 Kf7 32. Bc3 Be6 33. f4 c4 34. Kf2 Bc5+ 35. Ke2 Bb6 36. Kd2 Ke7 37. g4 Kd7 38. h3 Bc7 39. Be5 Ba5+ 40. Bc3 Bc7 41. Rf1 Bd5 42. f5 gxf5 43. Rxf5 Be6 44. Rh5 Bf4+ 45. Ke2 h6 46. Bd2 Bd6 47. Rxh6 a5 48. Bxa5 Bf8 49. Rh7+ Ke8 50. Bb4 Bg8 51. Rh8 Kf7 52. Bxf8 Kxf8 53. Kd2 Kg7 54. Rxg8+ Kxg8 55. Kc3 1-0

[Event "Titled Tuesday intern op 21st Dec"]
[Site "Chess.com INT"]
[Date "2021.12.21"]
[Round "3"]
[White "Srebrnic, Marko"]
[Black "Liu, Leonardo"]
[Result "0-1"]
[WhiteElo "2372"]
[BlackElo "1767"]
[PlyCount "80"]
[EventDate "2021.12.21"]
[EventType "swiss (blitz)"]
[EventRounds "11"]
[EventCountry "USA"]
[SourceTitle "CBM 205 Extra"]
[Source "ChessBase"]
[SourceDate "2022.01.31"]
[SourceVersion "1"]
[SourceVersionDate "2022.01.31"]
[SourceQuality "1"]

1. e4 c5 2. Nf3 g6 3. d4 cxd4 4. Qxd4 Nf6 5. Bb5 a6 6. Ba4 b5 7. Bb3 Nc6 8. Qe3 Bg7 9. h3 O-O 10. O-O d6 11. a4 b4 12. Nbd2 Na5 13. Bc4 Bb7 14. Bd3 Rc8 15. Qe2 Qb6 16. Re1 Nd7 17. Nf1 Nc5 18. e5 Nxd3 19. cxd3 Bxf3 20. Qxf3 Bxe5 21. Bh6 Rfe8 22. Rab1 b3 23. Ng3 Nc6 24. Ne4 Nd4 25. Qd1 Rc2 26. Be3 Rec8 27. Nc3 Qb7 28. Qg4 Nf5 29. Bf4 Bxc3 30. bxc3 R8xc3 31. d4 b2 32. h4 h5 33. Qg5 Rc7 34. g4 Qf3 35. gxf5 Qxf2+ 36. Kh1 Qf3+ 37. Kg1 Qf2+ 38. Kh1 R7c3 39. Re3 Rc1+ 40. Re1 Rh3+ 0-1

[Event "Titled Tuesday intern op 21st Dec"]
[Site "Chess.com INT"]
[Date "2021.12.21"]
[Round "3"]
[White "Stankovic, Ivan G"]
[Black "Piorun, Kacper"]
[Result "1/2-1/2"]
[WhiteElo "2255"]
[BlackElo "2640"]
[PlyCount "222"]
[EventDate "2021.12.21"]
[EventType "swiss (blitz)"]
[EventRounds "11"]
[EventCountry "USA"]
[SourceTitle "CBM 205 Extra"]
[Source "ChessBase"]
[SourceDate "2022.01.31"]
[SourceVersion "1"]
[SourceVersionDate "2022.01.31"]
[SourceQuality "1"]

1. e4 e6 2. d3 d5 3. Nd2 c5 4. Ngf3 Nc6 5. g3 g6 6. Bg2 Bg7 7. O-O Nf6 8. Re1 O-O 9. c3 a5 10. Qc2 a4 11. a3 Qc7 12. Nf1 Rd8 13. Bf4 Qb6 14. e5 Nd7 15. h4 f6 16. exf6 Nxf6 17. N1h2 Bd7 18. Ne5 Nxe5 19. Bxe5 Rf8 20. Bh3 Rae8 21. Re2 Bc8 22. Rae1 Nh5 23. Ng4 Bxe5 24. Rxe5 Ng7 25. Nh6+ Kh8 26. Qe2 Bd7 27. c4 d4 28. f4 Qc7 29. Bg2 b6 30. Qe4 Nf5 31. Nxf5 gxf5 32. Qb7 Qxb7 33. Bxb7 Kg7 34. Kf2 Rb8 35. Bf3 Kf6 36. Bd1 Rg8 37. R1e2 Rge8 38. Bc2 Re7 39. Kf3 Be8 40. Kf2 Bh5 41. Re1 Bg4 42. Bxa4 h5 43. Bb5 Ra8 44. Ra1 Raa7 45. Ree1 Ra5 46. a4 Raa7 47. Rab1 Ra5 48. Re5 Raa7 49. b4 cxb4 50. Rxb4 Rec7 51. Re1 Re7 52. Re5 Rec7 53. Rb2 Bd1 54. Rb1 Bc2 55. Rb2 Bxd3 56. c5 bxc5 57. Bxd3 c4 58. Be2 Rc6 59. a5 c3 60. Rc2 Rd6 61. Bd3 Kf7 62. Ke2 Kf6 63. Kd1 Rb7 64. Ra2 Ra7 65. a6 Rb6 66. Rea5 Rb3 67. Kc2 Rb6 68. Rc5 Rd6 69. Bc4 Ke7 70. Kd3 Kd7 71. Re2 Ra8 72. Ra5 Ra7 73. Rb5 Rdxa6 74. Kxd4 Ra1 75. Kxc3 Rc1+ 76. Rc2 Rg1 77. Rd2+ Ke7 78. Rb6 Rxg3+ 79. Kb4 Rg4 80. Rxe6+ Kf8 81. Rd8+ Kg7 82. Red6 Rxf4 83. R8d7+ Rxd7 84. Rxd7+ Kf6 85. Kc5 Rxh4 86. Rd6+ Kg5 87. Rd8 Re4 88. Rg8+ Kf4 89. Bd5 Re1 90. Rh8 Rc1+ 91. Kd6 Kg5 92. Be6 h4 93. Ke7 Re1 94. Kd6 Rd1+ 95. Ke7 Re1 96. Kd6 Rd1+ 97. Ke7 Rd4 98. Rg8+ Kf4 99. Rf8 h3 100. Rxf5+ Kg3 101. Rg5+ Kh4 102. Rg7 h2 103. Rh7+ Kg3 104. Kf6 Rf4+ 105. Ke5 Rf1 106. Bd5 Re1+ 107. Kd6 Rd1 108. Rg7+ Kh3 109. Rh7+ Kg3 110. Rg7+ Kh3 111. Rh7+ Kg3 1/2-1/2

[Event "Titled Tuesday intern op 21st Dec"]
[Site "Chess.com INT"]
[Date "2021.12.21"]
[Round "3"]
[White "Starozhilov, Leonid"]
[Black "Perera Alfonso, Rene Humberto"]
[Result "1-0"]
[WhiteElo "2293"]
[BlackElo "2354"]
[PlyCount "93"]
[EventDate "2021.12.21"]
[EventType "swiss (blitz)"]
[EventRounds "11"]
[EventCountry "USA"]
[SourceTitle "CBM 205 Extra"]
[Source "ChessBase"]
[SourceDate "2022.01.31"]
[SourceVersion "1"]
[SourceVersionDate "2022.01.31"]
[SourceQuality "1"]

1. e4 c5 2. Nf3 d6 3. Bb5+ Bd7 4. c4 Nf6 5. Nc3 g6 6. O-O Bg7 7. d4 cxd4 8. Nxd4 O-O 9. f3 Nc6 10. Be3 Rc8 11. Bxc6 bxc6 12. Rc1 Qa5 13. b3 e6 14. Qd2 Qh5 15. Nde2 d5 16. cxd5 cxd5 17. exd5 Nxd5 18. Nxd5 Qxd5 19. Qxd5 exd5 20. Nd4 h5 21. Rfd1 Rfe8 22. Kf2 a5 23. Ne2 Rxc1 24. Rxc1 a4 25. Rc7 axb3 26. axb3 Be6 27. Bd4 Bf8 28. Nf4 Rb8 29. Rc3 Bb4 30. Rc6 Bd7 31. Rc2 Bf5 32. Re2 Bd6 33. Nxd5 Be6 34. Nf6+ Kf8 35. Rxe6 fxe6 36. Nd7+ Ke7 37. Nxb8 Bxb8 38. h3 Kd6 39. Ke3 Kd5 40. Kd3 g5 41. Be3 g4 42. fxg4 hxg4 43. hxg4 e5 44. g5 e4+ 45. Ke2 Ke5 46. b4 Kf5 47. b5 1-0

[Event "Titled Tuesday intern op 21st Dec"]
[Site "Chess.com INT"]
[Date "2021.12.21"]
[Round "3"]
[White "Strybuk, Artsiom I"]
[Black "Rodchenkov, Vitaly"]
[Result "1-0"]
[WhiteElo "2210"]
[BlackElo "2330"]
[PlyCount "89"]
[EventDate "2021.12.21"]
[EventType "swiss (blitz)"]
[EventRounds "11"]
[EventCountry "USA"]
[SourceTitle "CBM 205 Extra"]
[Source "ChessBase"]
[SourceDate "2022.01.31"]
[SourceVersion "1"]
[SourceVersionDate "2022.01.31"]
[SourceQuality "1"]

1. d4 Nf6 2. c4 e6 3. g3 d5 4. Nf3 Be7 5. Bg2 O-O 6. O-O b6 7. cxd5 exd5 8. Nc3 Bb7 9. Ne5 Na6 10. Bf4 Re8 11. Rc1 c5 12. Qd2 Bf8 13. Rfd1 h6 14. Qd3 c4 15. Qf3 Ne4 16. Nxe4 dxe4 17. Qh5 g6 18. Nxg6 fxg6 19. Qxg6+ Bg7 20. Bxh6 Qe7 21. Rxc4 Qf7 22. Qxf7+ Kxf7 23. Bxg7 Kxg7 24. a3 Re7 25. Rdc1 Rd8 26. e3 Bd5 27. Rc8 Rxc8 28. Rxc8 Nc7 29. Bf1 Ne6 30. h4 Rc7 31. Rxc7+ Nxc7 32. Kg2 Be6 33. Be2 Nd5 34. g4 Kf6 35. Kg3 Bf7 36. Bc4 a5 37. Bxd5 Bxd5 38. Kf4 a4 39. h5 b5 40. g5+ Kg7 41. Ke5 Bf7 42. g6 Be8 43. d5 Kh6 44. Kf6 Kxh5 45. g7 1-0

[Event "Titled Tuesday intern op 21st Dec"]
[Site "Chess.com INT"]
[Date "2021.12.21"]
[Round "3"]
[White "Tanenbaum, Zachary Chen"]
[Black "Tomaszewski, Kacper"]
[Result "1-0"]
[WhiteElo "2146"]
[BlackElo "2307"]
[PlyCount "91"]
[EventDate "2021.12.21"]
[EventType "swiss (blitz)"]
[EventRounds "11"]
[EventCountry "USA"]
[SourceTitle "CBM 205 Extra"]
[Source "ChessBase"]
[SourceDate "2022.01.31"]
[SourceVersion "1"]
[SourceVersionDate "2022.01.31"]
[SourceQuality "1"]

1. e4 c6 2. d4 d5 3. exd5 cxd5 4. Bd3 Nf6 5. c3 Nc6 6. Bf4 Bg4 7. Qb3 e5 8. dxe5 Nh5 9. Qxb7 Bd7 10. Be3 Rb8 11. Qa6 Nxe5 12. Nd2 Rxb2 13. Ngf3 Nxd3+ 14. Qxd3 Bb5 15. Qd4 Be7 16. Qe5 Nf6 17. c4 Rxd2 18. Nxd2 Bxc4 19. Nxc4 dxc4 20. Qb5+ Kf8 21. O-O Qd5 22. Qb8+ Qd8 23. Qxd8+ Bxd8 24. Rac1 Nd5 25. Bxa7 Bf6 26. Rxc4 g6 27. Rc8+ Ke7 28. Rxh8 Bxh8 29. a4 Kd7 30. Rc1 Bc3 31. Kf1 Bb4 32. Bd4 h5 33. g3 Nc7 34. Ke2 Ne6 35. Kd3 Ba3 36. Rc4 Bd6 37. a5 Nc7 38. Bb6 Na6 39. Ke4 Be7 40. Kd5 Bd8 41. Bxd8 Kxd8 42. Kc6 Nb8+ 43. Kb7 Nd7 44. Rd4 Ke7 45. Rxd7+ Kxd7 46. a6 1-0

[Event "Titled Tuesday intern op 21st Dec"]
[Site "Chess.com INT"]
[Date "2021.12.21"]
[Round "3"]
[White "Timofeev, Artyom"]
[Black "Sidorika, Vladislav"]
[Result "0-1"]
[WhiteElo "2572"]
[BlackElo "2278"]
[PlyCount "88"]
[EventDate "2021.12.21"]
[EventType "swiss (blitz)"]
[EventRounds "11"]
[EventCountry "USA"]
[SourceTitle "CBM 205 Extra"]
[Source "ChessBase"]
[SourceDate "2022.01.31"]
[SourceVersion "1"]
[SourceVersionDate "2022.01.31"]
[SourceQuality "1"]

1. c4 c5 2. Nf3 Nc6 3. Nc3 Nf6 4. g3 g6 5. Bg2 Bg7 6. O-O d6 7. a3 Bf5 8. h3 Qd7 9. Kh2 a6 10. d3 Rb8 11. Rb1 b5 12. cxb5 axb5 13. b4 cxb4 14. axb4 O-O 15. Bd2 Rfc8 16. Re1 Be6 17. Ng5 d5 18. Nxe6 Qxe6 19. Qb3 Nd4 20. Qd1 Nc6 21. e3 Ne5 22. Qe2 h5 23. e4 dxe4 24. dxe4 Nc4 25. Bf4 Ne5 26. Nd5 h4 27. gxh4 Nh5 28. Bg3 Rc4 29. Rbc1 Rbc8 30. Rxc4 bxc4 31. Nf4 Nxf4 32. Bxf4 Nd3 33. Bg3 Nxe1 34. Qxe1 c3 35. Bf4 Be5 36. Bxe5 Qxe5+ 37. Kg1 c2 38. Qc1 Qd4 39. Bf3 Qd3 40. Kg2 Rd8 41. b5 Qd2 42. Qa3 c1=Q 43. Qxe7 Qd6 44. Qa7 Qcf4 0-1

[Event "Titled Tuesday intern op 21st Dec"]
[Site "Chess.com INT"]
[Date "2021.12.21"]
[Round "3"]
[White "Tzoumbas, Anastasios"]
[Black "Kalajzic, Ivan"]
[Result "0-1"]
[WhiteElo "2287"]
[BlackElo "2108"]
[PlyCount "28"]
[EventDate "2021.12.21"]
[EventType "swiss (blitz)"]
[EventRounds "11"]
[EventCountry "USA"]
[SourceTitle "CBM 205 Extra"]
[Source "ChessBase"]
[SourceDate "2022.01.31"]
[SourceVersion "1"]
[SourceVersionDate "2022.01.31"]
[SourceQuality "1"]

1. c4 Nc6 2. d4 e5 3. d5 Nce7 4. e4 Nf6 5. Nc3 Ng6 6. h4 h5 7. Nf3 Bc5 8. Bd3 Ng4 9. O-O Nxh4 10. Bg5 Nxf3+ 11. gxf3 Qxg5 12. fxg4 hxg4 13. Kg2 Qh4 14. Rh1 Qxf2# 0-1

[Event "Titled Tuesday intern op 21st Dec"]
[Site "Chess.com INT"]
[Date "2021.12.21"]
[Round "3"]
[White "Unver, Cumali"]
[Black "Holt, Conrad"]
[Result "0-1"]
[WhiteElo "2046"]
[BlackElo "2553"]
[PlyCount "112"]
[EventDate "2021.12.21"]
[EventType "swiss (blitz)"]
[EventRounds "11"]
[EventCountry "USA"]
[SourceTitle "CBM 205 Extra"]
[Source "ChessBase"]
[SourceDate "2022.01.31"]
[SourceVersion "1"]
[SourceVersionDate "2022.01.31"]
[SourceQuality "1"]

1. e4 e6 2. d3 d5 3. Nd2 c5 4. Ngf3 Nc6 5. g3 Bd6 6. Bg2 Nge7 7. O-O O-O 8. b3 d4 9. Nc4 Bc7 10. a4 e5 11. Nh4 Be6 12. f4 exf4 13. gxf4 f5 14. exf5 Nxf5 15. Nxf5 Bxf5 16. Qh5 Qd7 17. Be4 Rae8 18. Bd2 Bxe4 19. dxe4 Rxe4 20. Qxc5 Qg4+ 21. Kh1 Rf5 22. Ne5 Bxe5 23. Qd5+ Rf7 24. Qxe4 d3 25. c3 Bf6 26. Rf3 Kf8 27. Rxd3 Re7 28. Qxh7 Re2 29. Rg1 Qe6 30. Rg2 Rxg2 31. Kxg2 Qe2+ 32. Kg3 Ne7 33. Rd8+ Kf7 34. Qd3 Qh5 35. Rd7 Ke8 36. Rd8+ Kf7 37. Rd7 Ke8 38. c4 Bh4+ 39. Kh3 Bf6+ 40. Kg3 Qh4+ 41. Kf3 Qh3+ 42. Ke2 Qxd7 43. Qxd7+ Kxd7 44. Kd3 a6 45. Bb4 Nf5 46. Ke4 Ke6 47. a5 g6 48. Bc5 Bc3 49. b4 Bd2 50. Bb6 Bxb4 51. c5 Ne7 52. h4 Be1 53. Bd8 Bxh4 54. Bxe7 Bxe7 55. f5+ gxf5+ 56. Kf4 Bxc5 0-1

[Event "Titled Tuesday intern op 21st Dec"]
[Site "Chess.com INT"]
[Date "2021.12.21"]
[Round "3"]
[White "Vianello, Enrico"]
[Black "Dorohin, Mihail"]
[Result "0-1"]
[WhiteElo "2051"]
[BlackElo "2323"]
[PlyCount "92"]
[EventDate "2021.12.21"]
[EventType "swiss (blitz)"]
[EventRounds "11"]
[EventCountry "USA"]
[SourceTitle "CBM 205 Extra"]
[Source "ChessBase"]
[SourceDate "2022.01.31"]
[SourceVersion "1"]
[SourceVersionDate "2022.01.31"]
[SourceQuality "1"]

1. d4 c6 2. c4 d5 3. Nf3 Nf6 4. Nc3 a6 5. Qc2 Bg4 6. Ne5 Bh5 7. e4 dxe4 8. Be3 Nbd7 9. Nxe4 Nxe5 10. dxe5 Qa5+ 11. Qc3 Qxc3+ 12. Nxc3 Nd7 13. f4 e6 14. Be2 Bg6 15. O-O-O Bc5 16. Bxc5 Nxc5 17. Rd2 Rd8 18. Rhd1 Rxd2 19. Rxd2 Ke7 20. b3 h5 21. Bf3 Bf5 22. Kd1 h4 23. Ke2 Rg8 24. Ke3 g5 25. g3 hxg3 26. hxg3 gxf4+ 27. gxf4 a5 28. Ne4 Bxe4 29. Bxe4 Rg1 30. Bf3 Ra1 31. Kd4 Na6 32. Kc3 Rf1 33. Rd3 Nb4 34. Re3 Nxa2+ 35. Kd4 Nb4 36. Kc5 Nc2 37. Rc3 Ne1 38. Be2 Rxf4 39. Kb6 Re4 40. Bh5 Rxe5 41. Kxb7 Rxh5 42. Kxc6 f5 43. c5 f4 44. Kb7 f3 45. c6 f2 46. c7 Rh8 0-1

[Event "Titled Tuesday intern op 21st Dec"]
[Site "Chess.com INT"]
[Date "2021.12.21"]
[Round "3"]
[White "Vidruska, Renate"]
[Black "Golichenko, Ilja"]
[Result "0-1"]
[WhiteElo "2029"]
[BlackElo "2413"]
[PlyCount "88"]
[EventDate "2021.12.21"]
[EventType "swiss (blitz)"]
[EventRounds "11"]
[EventCountry "USA"]
[SourceTitle "CBM 205 Extra"]
[Source "ChessBase"]
[SourceDate "2022.01.31"]
[SourceVersion "1"]
[SourceVersionDate "2022.01.31"]
[SourceQuality "1"]

1. e4 Nf6 2. e5 Nd5 3. d4 d6 4. Nf3 Bg4 5. Be2 e6 6. O-O dxe5 7. Nxe5 Bxe2 8. Qxe2 c6 9. c4 Nb6 10. Be3 Be7 11. Nc3 O-O 12. a4 N8d7 13. Nf3 a5 14. Rfd1 Bb4 15. Ne4 h6 16. b3 Nf6 17. Nxf6+ Qxf6 18. d5 c5 19. dxe6 Qxe6 20. Qc2 Nd7 21. Rd3 Ne5 22. Nxe5 Qxe5 23. Rad1 Rfe8 24. g3 Qe4 25. Qb2 h5 26. h4 Re6 27. Kh2 Kh7 28. Rd5 Qf3 29. Qc1 b6 30. Qc2+ Rg6 31. Qd3 Re8 32. Rf5 Qg4 33. Rf4 Rxe3 34. Qxe3 Qxd1 35. Rf5 Rf6 36. Rg5 Qf3 37. Qxf3 Rxf3 38. Kg2 Rxb3 39. Rxh5+ Kg8 40. Rd5 g6 41. Rd8+ Kg7 42. Rd7 Rc3 43. Rb7 Rxc4 44. Rxb6 Rc3 0-1

[Event "Titled Tuesday intern op 21st Dec"]
[Site "Chess.com INT"]
[Date "2021.12.21"]
[Round "3"]
[White "Villalba, Marcelo"]
[Black "Ardila, Oscar Humberto"]
[Result "1-0"]
[WhiteElo "2258"]
[BlackElo "1988"]
[PlyCount "35"]
[EventDate "2021.12.21"]
[EventType "swiss (blitz)"]
[EventRounds "11"]
[EventCountry "USA"]
[SourceTitle "CBM 205 Extra"]
[Source "ChessBase"]
[SourceDate "2022.01.31"]
[SourceVersion "1"]
[SourceVersionDate "2022.01.31"]
[SourceQuality "1"]

1. e4 e5 2. Nf3 Nc6 3. Bb5 Nf6 4. d3 Bc5 5. O-O d6 6. c3 O-O 7. d4 exd4 8. cxd4 Bb6 9. Nc3 Bg4 10. Bxc6 bxc6 11. Bg5 h6 12. Bh4 Re8 13. Re1 g5 14. Bg3 Qd7 15. h3 Bh5 16. e5 Nd5 17. Ne4 Nf4 18. Nf6+ 1-0

[Event "Titled Tuesday intern op 21st Dec"]
[Site "Chess.com INT"]
[Date "2021.12.21"]
[Round "3"]
[White "Vivas Zamora, Fabian Ernesto"]
[Black "Wagner, Dennis"]
[Result "0-1"]
[WhiteElo "2344"]
[BlackElo "2584"]
[PlyCount "42"]
[EventDate "2021.12.21"]
[EventType "swiss (blitz)"]
[EventRounds "11"]
[EventCountry "USA"]
[SourceTitle "CBM 205 Extra"]
[Source "ChessBase"]
[SourceDate "2022.01.31"]
[SourceVersion "1"]
[SourceVersionDate "2022.01.31"]
[SourceQuality "1"]

1. c4 g6 2. g3 Bg7 3. Bg2 c5 4. Nc3 Nc6 5. Nf3 d6 6. O-O Bf5 7. d3 Qd7 8. Nd5 Nf6 9. e4 Bg4 10. Qa4 O-O 11. h3 Bxh3 12. Bg5 Rfe8 13. Bxf6 Bxf6 14. Bxh3 Qxh3 15. Nc7 Bd4 16. Nxd4 Nxd4 17. Qd1 h5 18. Nxa8 Rxa8 19. b4 h4 20. gxh4 Nf3+ 21. Qxf3 Qxf3 0-1